| 000 | 01076 a2200205 4500 | ||
|---|---|---|---|
| 003 | NUST | ||
| 005 | 20221215133945.0 | ||
| 010 | _a61011404 | ||
| 040 | _cNust | ||
| 082 | _a324.27,RIE | ||
| 100 |
_aRiesman, David, _950654 |
||
| 245 |
_aThe lonely crowd; _ba study of the changing American character / _cDavid Riesman, Nathan Glazer and Reuel Denney |
||
| 250 | _aAbridged ed. with a new foreword | ||
| 260 |
_aYale University Press _bNew Haven _c1961 |
||
| 300 |
_a315 p.: _b21 cm |
||
| 505 | _aPart-1: Character (Page-17), From Morality to Morale Changes in the Agents of Character Formation (Page-54), A jury of Three Peers Changes in the Agents of Character Formation (Page-86), Storytellers as Tutors Tech Nique Changes in the Agents of Character Formation (Page-105), The Inner Directed Round of Life (Page-133), The other Directed Round of Life From Invisible Hand to Glad Hand (Page-151), Politics (Page-191). | ||
| 600 |
_aRiesman, David, _950654 |
||
| 650 |
_aThe lonely crowd; a study of the changing American character _9104972 |
||
| 942 |
_2ddc _cBK _k324.27,RIE |
||
| 999 |
_c184223 _d184223 |
||